4 indices, 1 mot - Statistiques

Statistiques générales
  • Ce quiz a été pris 262 fois
  • Le résultat moyen est 10 sur 15
Statistiques - réponses
Indice 1 Indice 2 Indice 3 Indice 4 Réponse % Correct
Verre Football Basketball Baudruche Ballon
97%
A bec Pan Traversière A champagne Flute
97%
Pain Coquillage De cuisine Opinel Couteau
92%
Colimaçon Rampe Cage Marches Escalier
91%
Tennis Marque A manger De chevet Table
88%
De toilettes De vue Astronomique De soleil Lunettes
82%
A découper De piscine Équilibre De bois Planche
81%
Papier Morte Slim Mille Feuille
70%
Christian Ordinateur Numérique Piano Clavier
69%
Anniversaire Voiture Chaleur Flamme Bougie
62%
Pet Voiture Outils Enregistreuse Caisse
57%
As 9 pour 3 Figure Final 4 Carré
28%
Musique Guitare Acier Fer Métal
28%
Ruisseau Bowling Affluent Badminton Rivière
18%
Cigarette Snapchat Aspirateur Gasoil Filtre
16%
Aucun quiz correspondant
Distribution des résultats
% des personnes avec chaque résultat
Percentile par nombre de réponses
Votre historique - résultats
Vous n’avez pas pris ce quiz